000 00677nam a2200253Ia 4500
001 46784
005 20240114003806.0
007 ta
008 090403s1931 g b000 u 465 u
040 _aCotton College,Assam
041 _a465
082 _a336
_bIn 2 C
110 _aIndia .
_bFinancial Secratary
245 0 _aCommittee on Finance & Industry:Report /
_cIndia.
_hTextual Documents
250 _a1st ed /
260 _aLondon :
_bHis Majestry Stationary Office ,
_c1931.
300 _avi,322 p ;
_c23 cm.
653 _aT/G-Economics
653 _aRef- Report
942 _2ddc
_cBK
999 _c46749
_d46749